| 000 | 00702nam a22001937a 4500 | ||
|---|---|---|---|
| 999 |
_c19866 _d19866 |
||
| 003 | AR-CdUCM | ||
| 008 | 190523b ||||| |||| 00| 0 eng d | ||
| 040 |
_aMUNICIPALIDAD PROVINCIAL DEL CUSCO _cBIBLIOTECA MUNICIPAL DEL CUSCO |
||
| 082 |
_a301 / _bLL8 |
||
| 100 |
_aLlovera, Jose M. _941533 |
||
| 245 | _aTratado de sociología / | ||
| 260 |
_aMéxico D. F.. _bEdinal, _c1963. |
||
| 300 |
_a471 Páginas ; _c24 cm. |
||
| 505 | _aContenido: Idea general della sociedad -- Concepto de la sociología -- Teoría del contrato social -- Las causas materiales del orden social civil,,, | ||
| 650 |
_aSociología _9276 |
||
| 650 |
_aLa sociedad _99236 |
||
| 942 |
_2ddc _cLIBROS |
||
| 945 |
_aAndy _d2019-05-23 |
||